000 00620nam a2200229Ia 4500
003 OSt
005 20220928130248.0
006 a|||||r|||| 00| 0
007 ta
008 220927b |||||||| |||| 00| 0 eng d
024 _a32872
037 _cTextual
040 _aSDCL
_cSDCL
_beng
041 _2eng
_aeng
082 _aX9:76-75.2'N9, N1
100 _aMittal D K
245 0 _aPrice control
_bPolicy ,theory and practice
260 _aNew Delhi
_bAnmol Publications
_c1991
300 _axx,579p
_ccm.
942 _hX9:76-75.2'N9, N1
_cTEXL
_2CC
999 _c785815
_d785815